000 00439nam a2200217Ia 4500
003 IT-RoPAU
008 120407s9999 xx 000 0 und d
040 _aIT-RoPAU
040 _cIT-RoPAU
041 _aita
100 _aGiorgio Papasogli
245 _aVita di Don Orione
250 _aTorino
260 _aGribaudi
260 _c1974
300 _a547 p.
300 _c21 cm
490 _v1
942 _cBK
999 _c35653
_d35653